Dans quels pays se déroulent ces Disney - Statistiques

Statistiques générales
  • Ce quiz a été pris 315 fois
  • Le résultat moyen est 59 sur 69
Statistiques - réponses
Hint Réponse % Correct
1950 Cendrillon France
99%
1959 La Belle au bois dormant France
99%
1971 Les Aristochats France
99%
1992 La Belle et la Bête France
99%
1996 Le Bossu de Notre-Dame France
99%
2007 Ratatouille France
99%
1947 Dumbo États-Unis
98%
1948 Bambi États-Unis
98%
1949 Le Crapaud et le Maître d'école États-Unis
98%
1955 La Belle et le Clochard États-Unis
98%
1977 Les Aventures de Bernard et Bianca États-Unis
98%
1981 Rox et Rouky États-Unis
98%
1989 Oliver et Compagnie États-Unis
98%
1995 Pocahontas, une légende indienne États-Unis
98%
1996 Toy Story États-Unis
98%
1999 1001 pattes États-Unis
98%
2000 Toy Story 2 États-Unis
98%
2001 Atlantide, l'empire perdu États-Unis
98%
2002 Lilo & Stitch États-Unis
98%
2004 La ferme se rebelle États-Unis
98%
2004 Les Indestructibles États-Unis
98%
2005 Chicken Little États-Unis
98%
2006 Cars États-Unis
98%
2009 Volt, star malgré lui États-Unis
98%
2010 La Princesse et la Grenouille États-Unis
98%
2010 Toy Story 3 États-Unis
98%
2011 Cars 2 États-Unis
98%
2015 Vice-Versa États-Unis
98%
2024 Vice-Versa 2 États-Unis
98%
2017 Cars 3 États-Unis
98%
2018 Les Indestructibles 2 États-Unis
98%
2019 Toy Story 4 États-Unis
98%
2017 Coco Mexique
97%
1951 Alice au pays des merveilles Royaume-Uni
95%
1953 Peter Pan Royaume-Uni
95%
1961 Les 101 Dalmatiens Royaume-Uni
95%
1964 Merlin l'enchanteur Royaume-Uni
95%
1974 Robin des Bois Royaume-Uni
95%
1977 Les aventures de Winnie l'Ourson Royaume-Uni
95%
1985 Taram et me Chaudron Magique Royaume-Uni
95%
1986 Basile, Détective Privé Royaume-Uni
95%
2011 Winnie l'Ourson Royaume-Uni
95%
2012 Rebelle Royaume-Uni
95%
1946 Pinocchio Italie
93%
2021 Luca Italie
93%
1998 Mulan Chine
92%
1938 Blanche Neige et les Sept Nains Allemagne
88%
2010 Raiponce Allemagne
88%
2003 Le Monde de Nemo Australie
86%
2016 Le Monde de Dory Australie
86%
1990 Bernard et Bianca au pays des kangourous Australie
86%
1997 Hercule Grèce
85%
2023 Wish : Asha et la bonne étoile Espagne
82%
2013 La Reine des Neiges Norvège
78%
2019 La Reine des Neiges 2 Norvège
78%
2006 Frère des Ours Canada
74%
2007 Bienvenue chez les Robinson Canada
74%
1968 Le Livre de la Jungle Inde
72%
2001 Kuzco, l'empereur mégalo Pérou
69%
1948 Les trois Caballeros Brésil
66%
2021 Encanto, la fantastique famille Madrigal Colombie
65%
1993 Aladdin Arabie saoudite
59%
1994 Le Roi Lion Kenya
56%
1947 Saludos Amigos Chili
43%
2009 Là-haut Venezuela
34%
2016 Vaiana, la légende du bout du monde Polynésie française
22%
2024 Vaiana 2 Polynésie française
22%
1999 Tarzan Nigeria
18%
1990 La Petite Sirène Iles Vierges britanniques
0%
Aucun quiz correspondant
Distribution des résultats
% des personnes avec chaque résultat
Percentile par nombre de réponses
Votre historique - résultats
Vous n’avez pas pris ce quiz